Macroeconomic and welfare costs of U.S. fiscal imbalances

Bibliographic Details
Main Author: Gruss, Bertrand.
Corporate Author: ProQuest (Firm)
Other Authors: Torres, Jose L.
Format: Electronic eBook
Language:English
Published: [Washington D.C.] : International Monetary Fund, [2012]
Series:IMF working paper ; WP/12/38
Subjects:
Online Access:Click to View
LEADER 01360nam a2200361Ia 4500
001 EBC1606554
003 MiAaPQ
005 20200520144314.0
006 m o d |
007 cr cn|||||||||
008 130221s2012 dcua sb i000 0 eng d
020 |z 9781463933814 
020 |z 9781463951498 
035 |a (MiAaPQ)EBC1606554 
035 |a (Au-PeEL)EBL1606554 
035 |a (CaPaEBR)ebr10566315 
035 |a (OCoLC)776151926 
040 |a MiAaPQ  |c MiAaPQ  |d MiAaPQ 
050 4 |a HJ2051  |b .G78 2012 
100 1 |a Gruss, Bertrand. 
245 1 0 |a Macroeconomic and welfare costs of U.S. fiscal imbalances  |h [electronic resource] /  |c prepared by Bertrand Gruss and Jose L. Torres. 
260 |a [Washington D.C.] :  |b International Monetary Fund,  |c [2012] 
300 |a 34 p. :  |b ill. 
490 0 |a IMF working paper ;  |v WP/12/38 
500 |a "January 2012". 
504 |a Includes bibliographical references. 
533 |a Electronic reproduction. Ann Arbor, MI : ProQuest, 2015. Available via World Wide Web. Access may be limited to ProQuest affiliated libraries. 
650 0 |a Fiscal policy  |z United States. 
650 0 |a Balance of payments  |z United States. 
655 4 |a Electronic books. 
700 1 |a Torres, Jose L. 
710 2 |a ProQuest (Firm) 
856 4 0 |u https://ebookcentral.proquest.com/lib/matrademy/detail.action?docID=1606554  |z Click to View